[Event "79th ARM-ch 1st League 2018"]
[Site "Yerevan"]
[Date "2018.08.14"]
[Round "6"]
[White "Mikaelyan, Arman"]
[Black "Sargsyan, Shant"]
[Result "1/2-1/2"]
[WhiteElo "2496"]
[BlackElo "2472"]
[Annotator "ChessBase"]
[PlyCount "145"]
[EventDate "2018.08.09"]
[EventType "tourn"]
[EventCountry "ARM"]
[SourceTitle "playchess.com"]
[Source "ChessBase"]
[SourceQuality "1"]
[TimeControl "40/5400+30:1800+30"]

1. Nf3 {[%emt 0:00:00]} d5 {[%emt 0:01:55]} 2. c4 {[%emt 0:00:18]} e6 {[%emt 0:01:10]} 3. d4 {[%emt 0:00:20]} Nf6 {[%emt 0:00:19]} 4. Nc3 {[%emt 0:00:06]} Bb4 {[%emt 0:00:19]} 5. Qa4+ {[%emt 0:00:07]} Nc6 {[%emt 0:00:08]} 6. e3 {[%emt 0:00:08]} O-O {[%emt 0:00:28]} 7. Qc2 {[%emt 0:00:17]} b6 {[%emt 0:02:02]} 8. a3 {[%emt 0:04:53]} Bxc3+ {[%emt 0:00:23]} 9. Qxc3 {[%emt 0:00:36]} Ne7 {[%emt 0:00:10]} 10. b3 {[%emt 0:01:49]} a5 {[%emt 0:01:25]} 11. Bb2 {[%emt 0:04:02]} Ba6 {[%emt 0:03:08]} 12. Rc1 {[%emt 0:04:21]} c6 {[%emt 0:20:41]} 13. Nd2 {[%emt 0:07:39]} b5 {[%emt 0:05:17]} 14. c5 {[%emt 0:09:31]} b4 {[%emt 0:01:40]} 15. axb4 {[%emt 0:00:44]} Bxf1 {[%emt 0:00:24]} 16. Nxf1 {[%emt 0:08:16]} Ne4 {[%emt 0:00:51]} 17. Qc2 {[%emt 0:00:23]} axb4 {[%emt 0:00:30]} 18. f3 {[%emt 0:00:20]} Nf6 {[%emt 0:00:34]} 19. Ng3 {[%emt 0:00:11]} Qc8 {[%emt 0:03:55]} 20. O-O {[%emt 0:02:25]} Nf5 {[%emt 0:01:32]} 21. Kf2 {[%emt 0:06:22]} Re8 {[%emt 0:13:20]} 22. Ra1 {[%emt 0:02:00]} Nxg3 {[%emt 0:05:50]} 23. hxg3 {[%emt 0:00:11]} Qc7 {[%emt 0:00:18]} 24. Qd2 {[%emt 0:09:18]} Qb7 {[%emt 0:01:43]} 25. Rfb1 {[%emt 0:00:51]} Reb8 {[%emt 0:03:06]} 26. Qd3 {[%emt 0:02:16]} Rxa1 {[%emt 0:01:42]} 27. Rxa1 {[%emt 0:00:11]} Ra8 {[%emt 0:00:05]} 28. Qb1 {[%emt 0:06:35]} Ne8 {[%emt 0:01:24]} 29. Qe1 {[%emt 0:01:11]} Rxa1 {[%emt 0:06:08]} 30. Qxa1 {[%emt 0:00:13]} Kf8 {[%emt 0:00:18]} 31. Qa5 {[%emt 0:01:19]} Ke7 {[%emt 0:00:15]} 32. Bc1 {[%emt 0:00:28]} Nc7 {[%emt 0:01:08]} 33. Bd2 {[%emt 0:01:23]} Na6 {[%emt 0:00:25]} 34. e4 {[%emt 0:02:29]} Kd7 {[%emt 0:04:57]} 35. Bf4 {[%emt 0:01:53]} f6 {[%emt 0:12:12]} 36. Bd6 {[%emt 0:03:55]} Kc8 {[%emt 0:04:26]} 37. e5 {[%emt 0:04:02]} f5 {[%emt 0:01:22]} 38. Kg1 {[%emt 0:02:35]} Kd7 {[%emt 0:01:33]} 39. Kh2 {[%emt 0:00:20]} Ke8 {[%emt 0:01:51]} 40. Qb6 {[%emt 0:00:00]} Qa8 {[%emt 0:00:00]} 41. Kh3 {[%emt 0:03:36]} Kf7 {[%emt 0:11:33]} 42. g4 {[%emt 0:00:49]} fxg4+ {[%emt 0:02:07]} 43. Kxg4 {[%emt 0:00:14]} Ke8 {[%emt 0:01:08]} 44. f4 {[%emt 0:00:34]} Kf7 {[%emt 0:00:27]} 45. Kh4 {[%emt 0:03:07]} h6 {[%emt 0:03:23]} 46. g3 {[%emt 0:03:06]} g6 {[%emt 0:10:39]} 47. Kg4 {[%emt 0:01:37]} Ke8 {[%emt 0:00:23]} 48. Kf3 {[%emt 0:02:48]} Kf7 {[%emt 0:00:08]} 49. Ke3 {[%emt 0:00:46]} Ke8 {[%emt 0:00:22]} 50. g4 {[%emt 0:05:04]} Kf7 {[%emt 0:00:11]} 51. Qa5 {[%emt 0:00:22]} h5 {[%emt 0:02:16]} 52. Qa1 {[%emt 0:05:59]} hxg4 {[%emt 0:02:16]} 53. Qh1 {[%emt 0:00:44]} Qg8 {[%emt 0:00:24]} 54. Qh6 {[%emt 0:05:39]} Ke8 {[%emt 0:00:34]} 55. Kf2 {[%emt 0:01:32]} Kd7 {[%emt 0:00:56]} 56. Kg3 {[%emt 0:04:02]} Nc7 {[%emt 0:00:17]} 57. Qh4 {[%emt 0:06:25]} Qf7 {[%emt 0:01:02]} 58. Bxc7 {[%emt 0:05:05]} Kxc7 {[%emt 0:00:01]} 59. Qxg4 {[%emt 0:00:12]} Kd7 {[%emt 0:00:26]} 60. Qg5 {[%emt 0:00:16]} Ke8 {[%emt 0:01:01]} 61. Kg4 {[%emt 0:01:01]} Kf8 {[%emt 0:00:50]} 62. Qd8+ {[%emt 0:00:39]} Kg7 {[%emt 0:00:06]} 63. Kg3 {[%emt 0:00:22]} Qf5 {[%emt 0:01:13]} 64. Qe7+ {[%emt 0:02:00]} Kh6 {[%emt 0:00:35]} 65. Qe8 {[%emt 0:01:14]} Kg7 {[%emt 0:00:34]} 66. Qxc6 {[%emt 0:00:52]} Qd3+ {[%emt 0:00:06]} 67. Kh4 {[%emt 0:00:18]} g5+ {[%emt 0:00:46]} 68. fxg5 {[%emt 0:00:29]} Qxd4+ {[%emt 0:00:22]} 69. Kh5 {[%emt 0:00:37]} Qd1+ {[%emt 0:00:07]} 70. Kh4 {[%emt 0:00:02]} Qe1+ {[%emt 0:00:21]} 71. Kh5 {[%emt 0:00:34]} Qe2+ {[%emt 0:00:17]} 72. Kh4 {[%emt 0:00:02]} Qe4+ {[%emt 0:00:14]} 73. Kh5 {[%emt 0:00:31]} 1/2-1/2

[Event "79th ARM-ch 1st League 2018"]
[Site "Yerevan"]
[Date "2018.08.14"]
[Round "6"]
[White "Davtyan, Artur"]
[Black "Mkrtchyan, Sargis R"]
[Result "1-0"]
[WhiteElo "2353"]
[BlackElo "2239"]
[Annotator "NA"]
[PlyCount "57"]
[EventDate "2018.08.09"]
[EventType "tourn"]
[EventCountry "ARM"]
[SourceTitle "playchess.com"]
[Source "ChessBase"]
[SourceQuality "1"]
[TimeControl "40/5400+30:1800+30"]

1. d4 {[%emt 0:00:50]} Nf6 {[%emt 0:00:00]} 2. c4 {[%emt 0:00:04]} g6 {[%emt 0:00:01]} 3. Nc3 {[%emt 0:00:05]} Bg7 {[%emt 0:00:31]} 4. e4 {[%emt 0:00:15]} d6 {[%emt 0:00:08]} 5. Nf3 {[%emt 0:00:08]} O-O {[%emt 0:00:10]} 6. Be2 {[%emt 0:00:02]} e5 {[%emt 0:00:08]} 7. O-O {[%emt 0:00:03]} Nc6 {[%emt 0:00:57]} 8. Be3 {[%emt 0:00:13]} Ng4 {[%emt 0:00:29]} 9. Bg5 {[%emt 0:00:11]} f6 {[%emt 0:00:08]} 10. Bh4 {[%emt 0:00:01]} g5 {[%emt 0:00:19]} 11. Bg3 {[%emt 0:00:05]} Nh6 {[%emt 0:00:09]} 12. dxe5 {[%emt 0:00:02]} fxe5 {[%emt 0:00:08]} 13. Nd5 {[%emt 0:00:02] E97: King's Indian: Classical Main Line (6...e5 7 0-0 Nc6): 8 Be3 and 8 d5 Ne7, not 9 Ne1} (13. h3 g4 14. hxg4 Bxg4 15. Ne1 Be6 16. Nc2 Kh8 17. Nd5 Qd7 18. Qd3 Ne7 19. Rad1 Ng6 20. Qd2 Rad8 21. Bh5 {½-½ (37) Ghaem Maghami,E (2596)-Grischuk,A (2774) Berlin 2015}) 13... Be6 {[%emt 0:06:41]} 14. Rc1 {[%emt 0:06:48]} Nf7 {[%emt 0:05:24]} 15. c5 $146 {[%emt 0:03:02]} ({Predecessor:} 15. h3 Kh8 16. c5 a5 17. a3 Rg8 18. Qb3 Ra7 19. Rfd1 Nd4 20. Nxd4 exd4 {1-0 (42) Kozak,A (2440)-Szalanczy,E (2217) Budapest 2018}) 15... h5 {[%emt 0:06:57]} 16. h3 {[%emt 0:04:38]} h4 {[%emt 0:23:57]} 17. Bh2 {[%emt 0:00:02]} g4 {[%emt 0:18:10]} 18. hxg4 {[%emt 0:00:27]} Bh6 {[%emt 0:00:06]} 19. Rc3 {[%emt 0:06:03]} Kg7 {[%emt 0:12:36]} 20. b4 {[%emt 0:04:05]} Ng5 {[%emt 0:05:42]} 21. Nxg5 {[%emt 0:22:07]} Bxg5 {[%emt 0:00:11]} 22. f4 $18 {[%emt 0:00:39]} exf4 {[%emt 0:01:37]} 23. Nxf4 {[%emt 0:00:31]} Bxf4 {[%emt 0:04:47]} 24. Bxf4 {[%emt 0:00:07]} Qf6 {[%emt 0:01:22]} 25. Qd2 {[%emt 0:08:05]} Rad8 {[%emt 0:09:40]} 26. cxd6 {[%emt 0:03:33]} cxd6 {[%emt 0:01:30]} 27. Bxd6 {[%emt 0:00:16]} Rxd6 {[%emt 0:00:15]} 28. Qxd6 {[%emt 0:00:04]} Rd8 {[%emt 0:00:06]} 29. Qc7+ {[%emt 0:00:13]} 1-0

[Event "79th ARM-ch 1st League 2018"]
[Site "Yerevan"]
[Date "2018.08.14"]
[Round "6"]
[White "Gharibyan, Mamikon"]
[Black "Hoghmrtsyan, Artur"]
[Result "1/2-1/2"]
[WhiteElo "2341"]
[BlackElo "2157"]
[Annotator "NA"]
[PlyCount "115"]
[EventDate "2018.08.09"]
[EventType "tourn"]
[EventCountry "ARM"]
[SourceTitle "playchess.com"]
[Source "ChessBase"]
[SourceQuality "1"]
[TimeControl "40/5400+30:1800+30"]

1. d4 {[%emt 0:03:44]} d5 {[%emt 0:00:00]} 2. c4 {[%emt 0:00:05]} e6 {[%emt 0:00:00]} 3. Nc3 {[%emt 0:00:13]} Be7 {[%emt 0:00:00]} 4. Nf3 {[%emt 0:00:08]} Nf6 {[%emt 0:00:01]} 5. Bf4 {[%emt 0:00:06]} O-O {[%emt 0:00:10]} 6. Rc1 {[%emt 0:00:03]} a6 {[%emt 0:09:13]} 7. e3 {[%emt 0:10:31]} dxc4 {[%emt 0:15:16] LiveBook: 16 Games} 8. Bxc4 {[%emt 0:00:06]} c5 {[%emt 0:03:01] D37: Queen's Gambit Declined: 5 Bf4} (8... b5 9. Bd3 Bb7 10. Qc2 Nbd7 11. Ng5 h6 12. Nh7 Re8 13. Nxf6+ Bxf6 14. Bh7+ Kh8 15. Be4 Bxe4 16. Nxe4 {½-½ (64) Svane,R (2526)-Kovalenko,I (2644) Gjakova 2016}) 9. O-O {[%emt 0:21:57]} b5 {[%emt 0:03:37]} 10. Bb3 $146 {[%emt 0:00:58]} ({Predecessor:} 10. Bd3 Nbd7 11. Qe2 Bb7 12. dxc5 Nxc5 13. Bc2 Rc8 14. Rfd1 Qe8 15. Ne5 b4 16. Nb1 {0-1 (37) Casarin,L (1838)-Cezar,W (2001) Sao Paulo 2015}) 10... Qb6 {[%emt 0:10:07]} 11. dxc5 {[%emt 0:02:01]} Bxc5 {[%emt 0:00:07]} 12. e4 {[%emt 0:00:58]} Bb7 {[%emt 0:11:32]} 13. e5 {[%emt 0:03:36]} Ne4 {[%emt 0:04:47]} 14. Nxe4 {[%emt 0:07:17]} Bxe4 {[%emt 0:00:13]} 15. Ng5 {[%emt 0:02:28]} Bg6 {[%emt 0:05:55]} 16. Qg4 {[%emt 0:02:56]} (16. Bc2 $14 Be7 17. Be3) 16... Bf5 {[%emt 0:03:07]} 17. Qg3 {[%emt 0:04:07]} Nc6 $11 {[%emt 0:00:58]} 18. Rfe1 {[%emt 0:10:34]} Nd4 {[%emt 0:04:53]} 19. Ne4 {[%emt 0:00:52]} Bxe4 {[%emt 0:01:39]} 20. Rxe4 {[%emt 0:00:47]} Qb7 {[%emt 0:05:36]} 21. Rce1 {[%emt 0:04:40]} Rfd8 {[%emt 0:06:55]} 22. Bg5 {[%emt 0:03:09]} Rd7 {[%emt 0:00:41]} 23. Qg4 {[%emt 0:03:02]} Qb6 {[%emt 0:04:16]} 24. Rf4 {[%emt 0:05:45]} a5 {[%emt 0:06:28]} 25. Bf6 {[%emt 0:01:54]} Bf8 {[%emt 0:00:47]} 26. Rd1 {[%emt 0:01:49]} a4 {[%emt 0:00:25]} 27. Bc2 {[%emt 0:00:17]} Rc8 {[%emt 0:01:29]} 28. Bxh7+ {[%emt 0:05:10]} Kxh7 {[%emt 0:00:13]} 29. Qh5+ {[%emt 0:02:49]} Kg8 {[%emt 0:00:02]} 30. h3 {[%emt 0:00:42]} Ne2+ {[%emt 0:01:11]} 31. Qxe2 {[%emt 0:00:05]} Rxd1+ {[%emt 0:00:10]} 32. Qxd1 {[%emt 0:00:03]} Rc4 {[%emt 0:00:16]} 33. Rf3 {[%emt 0:01:06]} Qd4 {[%emt 0:01:00]} 34. Qe2 {[%emt 0:01:50]} Qe4 {[%emt 0:01:43]} 35. Re3 {[%emt 0:00:29]} Qf4 {[%emt 0:00:45]} 36. g3 {[%emt 0:00:38]} Qf5 {[%emt 0:00:11]} 37. Bd8 {[%emt 0:00:50]} Bc5 {[%emt 0:00:58]} 38. Rc3 {[%emt 0:00:33]} Re4 {[%emt 0:00:05]} 39. Qc2 {[%emt 0:00:30]} Bd4 {[%emt 0:01:06]} 40. Rc8 {[%emt 0:00:00]} Kh7 {[%emt 0:00:00]} 41. Kg2 {[%emt 0:02:17]} Rxe5 {[%emt 0:12:56]} 42. Qxf5+ {[%emt 0:02:29]} Rxf5 {[%emt 0:00:45]} 43. Rc2 {[%emt 0:00:05]} Rd5 {[%emt 0:04:10]} 44. Ba5 {[%emt 0:01:02]} e5 {[%emt 0:03:34]} 45. Kf3 {[%emt 0:02:20]} g6 {[%emt 0:02:51]} 46. Bb4 {[%emt 0:07:10]} Rd7 {[%emt 0:01:28]} 47. Ke2 {[%emt 0:02:02]} g5 {[%emt 0:06:16]} 48. Bd2 {[%emt 0:04:15]} Kg6 {[%emt 0:00:16]} 49. g4 {[%emt 0:01:39]} f6 {[%emt 0:00:48]} 50. Be3 {[%emt 0:00:31]} Bxe3 {[%emt 0:02:11]} 51. fxe3 {[%emt 0:01:46]} Rh7 {[%emt 0:00:45]} 52. Rc5 {[%emt 0:00:15]} Rxh3 {[%emt 0:00:06]} 53. Rxb5 {[%emt 0:00:04]} e4 {[%emt 0:00:18]} 54. Rb4 {[%emt 0:00:30]} Rh2+ {[%emt 0:00:07]} 55. Kf1 {[%emt 0:00:39]} a3 {[%emt 0:01:15]} 56. bxa3 {[%emt 0:00:12]} Rxa2 {[%emt 0:00:10]} 57. Ra4 {[%emt 0:02:58]} Kf7 {[%emt 0:00:09]} 58. Rxe4 {[%emt 0:01:53]} 1/2-1/2

[Event "79th ARM-ch 1st League 2018"]
[Site "Yerevan"]
[Date "2018.08.14"]
[Round "6"]
[White "Poghosyan, Suren"]
[Black "Sargsyan, Tigran R"]
[Result "1/2-1/2"]
[WhiteElo "2301"]
[BlackElo "2136"]
[Annotator "NA"]
[PlyCount "94"]
[EventDate "2018.08.09"]
[EventType "tourn"]
[EventCountry "ARM"]
[SourceTitle "playchess.com"]
[Source "ChessBase"]
[SourceQuality "1"]
[TimeControl "40/5400+30:1800+30"]

1. d4 {[%emt 0:02:24]} d5 {[%emt 0:00:49]} 2. c4 {[%emt 0:00:18]} c6 {[%emt 0:00:28]} 3. Nc3 {[%emt 0:00:31]} Nf6 {[%emt 0:00:15]} 4. Nf3 {[%emt 0:00:18]} dxc4 {[%emt 0:00:47]} 5. a4 {[%emt 0:00:07]} e6 {[%emt 0:00:35]} 6. Bg5 {[%emt 0:12:20]} Bb4 {[%emt 0:03:25]} 7. e4 {[%emt 0:04:33]} Bxc3+ {[%emt 0:00:27]} 8. bxc3 {[%emt 0:00:09]} Qa5 {[%emt 0:00:17]} 9. e5 {[%emt 0:17:01]} Ne4 $1 {[%emt 0:00:33]} 10. Bd2 {[%emt 0:02:39]} c5 {[%emt 0:00:41] D44: Semi-Slav: Botvinnik System} 11. Bxc4 {[%emt 0:07:05] LiveBook: 24 Games} Nxd2 {[%emt 0:00:37]} (11... cxd4 12. cxd4 Nxd2 13. Nxd2 Nc6 14. O-O Nxd4 15. Nb3 Nxb3 16. Bb5+ Qxb5 17. axb5 Nxa1 18. Qxa1 {1-0 (29) Fedoseev,V (2683)-Motylev,A (2648) St Petersburg 2015}) 12. Qxd2 {[%emt 0:06:49]} cxd4 {[%emt 0:01:34]} 13. Bb5+ {[%emt 0:05:19]} Bd7 {[%emt 0:03:37]} 14. cxd4 {[%emt 0:02:39]} Qxd2+ $146 {[%emt 0:18:16]} ({Predecessor:} 14... Nc6 15. Rc1 Qxd2+ 16. Kxd2 a6 17. Bxc6 Bxc6 18. a5 {½-½ (48) Lin,W (2470)-Yegiazarian,A (2390) Moscow 1994}) 15. Nxd2 {[%emt 0:00:32]} Bc6 {[%emt 0:02:18]} 16. Nc4 {[%emt 0:04:28]} O-O {[%emt 0:03:37]} 17. O-O {[%emt 0:07:59]} Bd5 {[%emt 0:06:02]} 18. Ne3 $11 {[%emt 0:01:49]} Bc6 {[%emt 0:18:08]} 19. f4 {[%emt 0:06:11]} Rd8 {[%emt 0:12:17]} 20. Rfd1 {[%emt 0:00:53]} Be4 {[%emt 0:01:47]} 21. a5 {[%emt 0:04:19]} Nc6 {[%emt 0:03:20]} 22. Bxc6 {[%emt 0:05:01]} bxc6 {[%emt 0:00:08]} 23. Nc4 {[%emt 0:00:07]} Rab8 {[%emt 0:02:10]} 24. Nd6 {[%emt 0:00:11]} Bd5 {[%emt 0:01:35]} 25. Rdb1 {[%emt 0:00:10]} h6 {[%emt 0:16:46]} 26. a6 {[%emt 0:01:56]} Rb6 {[%emt 0:01:39]} 27. Rxb6 {[%emt 0:01:30]} axb6 {[%emt 0:00:01]} 28. a7 {[%emt 0:00:07]} Ra8 {[%emt 0:00:22]} 29. Nc8 {[%emt 0:00:15]} Rxc8 {[%emt 0:00:12]} 30. a8=Q {[%emt 0:00:05]} Rxa8 {[%emt 0:00:05]} 31. Rxa8+ {[%emt 0:00:05]} Kh7 {[%emt 0:00:03]} 32. Rb8 {[%emt 0:02:19]} b5 {[%emt 0:00:18]} 33. Rb7 {[%emt 0:00:18]} Kg6 {[%emt 0:01:26]} 34. Kf2 {[%emt 0:00:19]} Kf5 {[%emt 0:01:47]} 35. Rxf7+ {[%emt 0:05:58]} Ke4 {[%emt 0:00:05]} 36. Rxg7 {[%emt 0:00:20]} b4 {[%emt 0:00:29]} 37. g4 {[%emt 0:00:45]} b3 {[%emt 0:00:14]} 38. g5 {[%emt 0:00:36]} hxg5 {[%emt 0:00:35]} 39. fxg5 {[%emt 0:00:05]} c5 {[%emt 0:00:10]} 40. Rg8 {[%emt 0:00:00]} c4 {[%emt 0:00:00]} 41. g6 {[%emt 0:09:58]} b2 {[%emt 0:27:17]} 42. Rb8 {[%emt 0:03:22]} c3 {[%emt 0:00:08]} 43. g7 {[%emt 0:00:29]} c2 {[%emt 0:00:20]} 44. Rxb2 {[%emt 0:13:37]} c1=Q {[%emt 0:00:08]} 45. Re2+ {[%emt 0:00:05]} Kd3 {[%emt 0:00:46]} 46. g8=Q {[%emt 0:00:11]} Qf4+ {[%emt 0:00:33]} 47. Ke1 {[%emt 0:00:09]} Qc1+ {[%emt 0:00:13]} 1/2-1/2

[Event "79th ARM-ch 1st League 2018"]
[Site "Yerevan"]
[Date "2018.08.14"]
[Round "6"]
[White "Martirosyan, Garik"]
[Black "Babujian, Levon"]
[Result "1-0"]
[WhiteElo "2145"]
[BlackElo "2459"]
[Annotator "ChessBase"]
[PlyCount "129"]
[EventDate "2018.08.09"]
[EventType "tourn"]
[EventCountry "ARM"]
[SourceTitle "playchess.com"]
[Source "ChessBase"]
[SourceQuality "1"]
[TimeControl "40/5400+30:1800+30"]

1. d4 {[%emt 0:00:00]} Nf6 {[%emt 0:02:48]} 2. c4 {[%emt 0:00:21]} e6 {[%emt 0:00:51]} 3. Nf3 {[%emt 0:00:27]} d5 {[%emt 0:00:12]} 4. Nc3 {[%emt 0:00:20]} Be7 {[%emt 0:00:16]} 5. cxd5 {[%emt 0:00:25]} exd5 {[%emt 0:00:09]} 6. Bg5 {[%emt 0:00:20]} c6 {[%emt 0:00:27]} 7. Qc2 {[%emt 0:00:13]} Na6 {[%emt 0:00:55]} 8. a3 {[%emt 0:02:07]} g6 {[%emt 0:03:27]} 9. e3 {[%emt 0:01:52]} Bf5 {[%emt 0:00:09]} 10. Bd3 {[%emt 0:00:10]} Bxd3 {[%emt 0:00:34]} 11. Qxd3 {[%emt 0:00:03]} Nc7 {[%emt 0:00:51]} 12. O-O {[%emt 0:13:23]} Ne6 {[%emt 0:01:50]} 13. Bh4 {[%emt 0:00:55]} Nh5 {[%emt 0:02:36]} 14. Bxe7 {[%emt 0:03:02]} Qxe7 {[%emt 0:00:16]} 15. b4 {[%emt 0:00:49]} a6 {[%emt 0:00:07]} 16. Na4 {[%emt 0:03:19]} O-O {[%emt 0:00:33]} 17. Nc5 {[%emt 0:02:08]} f5 {[%emt 0:02:07]} 18. Rfe1 {[%emt 0:11:43]} Rae8 {[%emt 0:04:01]} 19. g3 {[%emt 0:13:57]} Nf6 {[%emt 0:01:32]} 20. a4 {[%emt 0:02:00]} Nd8 {[%emt 0:07:37]} 21. b5 {[%emt 0:02:56]} axb5 {[%emt 0:04:32]} 22. axb5 {[%emt 0:01:17]} Ne4 {[%emt 0:02:55]} 23. Nb3 {[%emt 0:05:07]} g5 {[%emt 0:02:26]} 24. bxc6 {[%emt 0:04:01]} bxc6 {[%emt 0:00:17]} 25. Ne5 {[%emt 0:01:04]} g4 {[%emt 0:08:48]} 26. Rec1 {[%emt 0:04:43]} Rf6 {[%emt 0:02:13]} 27. Ra6 {[%emt 0:04:24]} Ng5 {[%emt 0:04:44]} 28. Nd2 {[%emt 0:01:37]} Qb7 {[%emt 0:05:43]} 29. Rb1 {[%emt 0:00:42]} Qg7 {[%emt 0:00:18]} 30. Rbb6 {[%emt 0:00:56]} Qh6 {[%emt 0:02:49]} 31. Qe2 {[%emt 0:02:42]} Rfe6 {[%emt 0:06:32]} 32. Rb8 {[%emt 0:05:00]} Ngf7 {[%emt 0:03:31]} 33. Raa8 {[%emt 0:01:18]} Qf8 {[%emt 0:03:52]} 34. Nd7 {[%emt 0:02:09]} Qd6 {[%emt 0:01:43]} 35. Nc5 {[%emt 0:00:09]} R6e7 {[%emt 0:00:17]} 36. Qd3 {[%emt 0:00:38]} Qf6 {[%emt 0:01:27]} 37. Qa3 {[%emt 0:00:32]} Kg7 {[%emt 0:01:52]} 38. Nf1 {[%emt 0:06:14]} h5 {[%emt 0:04:47]} 39. Qa5 {[%emt 0:02:26]} Qd6 {[%emt 0:00:39]} 40. Rc8 {[%emt 0:00:00]} Rh8 {[%emt 0:00:00]} 41. Rab8 {[%emt 0:08:32]} h4 {[%emt 0:11:12]} 42. Qa8 {[%emt 0:01:35]} Ree8 {[%emt 0:02:57]} 43. Nb7 {[%emt 0:04:20]} Qe7 {[%emt 0:02:12]} 44. Nxd8 {[%emt 0:01:09]} Nxd8 {[%emt 0:03:52]} 45. gxh4 {[%emt 0:00:34]} Kg6 {[%emt 0:13:56]} 46. Ng3 {[%emt 0:05:07]} Qf6 {[%emt 0:01:43]} 47. h5+ {[%emt 0:00:36]} Kg5 {[%emt 0:00:33]} 48. Qa5 {[%emt 0:02:08]} f4 {[%emt 0:03:35]} 49. exf4+ {[%emt 0:00:08]} Kh4 {[%emt 0:00:11]} 50. Qd2 {[%emt 0:03:11]} Rhf8 {[%emt 0:07:10]} 51. h6 {[%emt 0:01:35]} Rf7 {[%emt 0:01:17]} 52. f5 {[%emt 0:01:32]} Ra7 {[%emt 0:00:42]} 53. Rb1 {[%emt 0:02:10]} Rae7 {[%emt 0:01:35]} 54. Rcb8 {[%emt 0:03:12]} Nf7 {[%emt 0:00:33]} 55. h7 {[%emt 0:02:30]} Ng5 {[%emt 0:00:03]} 56. Kg2 {[%emt 0:00:10]} Nxh7 {[%emt 0:02:46]} 57. Rxe8 {[%emt 0:00:31]} Rxe8 {[%emt 0:00:01]} 58. Rb7 {[%emt 0:00:09]} Ng5 {[%emt 0:00:30]} 59. Qf4 {[%emt 0:02:33]} Re1 {[%emt 0:00:39]} 60. Qc7 {[%emt 0:00:06]} Qxd4 {[%emt 0:00:58]} 61. Qd8 {[%emt 0:00:58]} Rg1+ {[%emt 0:02:42]} 62. Kxg1 {[%emt 0:00:08]} Qd1+ {[%emt 0:00:02]} 63. Nf1 {[%emt 0:00:34]} g3 {[%emt 0:00:06]} 64. hxg3+ {[%emt 0:00:55]} Kg4 {[%emt 0:00:04]} 65. Rg7 {[%emt 0:00:40]} 1-0

[Event "79th ARM-ch 1st League 2018"]
[Site "Yerevan"]
[Date "2018.08.15"]
[Round "7"]
[White "Sargsyan, Shant"]
[Black "Davtyan, Artur"]
[Result "1-0"]
[WhiteElo "2472"]
[BlackElo "2353"]
[Annotator "TA"]
[PlyCount "79"]
[EventDate "2018.08.09"]
[EventType "tourn"]
[EventCountry "ARM"]
[SourceTitle "playchess.com"]
[Source "ChessBase"]
[SourceQuality "1"]

{[%evp 23,79,41,31,35,42,35,43,39,20,37,35,34,36,27,45,46,47,4,0,0,0,0,142,148,159,145,149,139,433,433,1231,1150,1120,1118,1119,1119,29992,340,29993,29994,29994,29995,29995,29993,29993,29993,29994,29993,29993,29994,29996,29987,29987,29988,29988,29989,29997,29998]} 1. c4 e6 2. Nf3 d5 3. b3 Nf6 4. Bb2 Be7 5. g3 O-O 6. Bg2 c5 7. cxd5 Nxd5 8. O-O b6 9. d4 Bb7 10. dxc5 Bxc5 11. Nbd2 Nc6 12. a3 {D02: 1 d4 d5 2 Nf3 sidelines, including 2...Nf6 3 g3 and 2...Nf6 3 Bf4} a5 {LiveBook: 3 Games} (12... Be7 13. b4 Bf6 14. Qb3 a5 15. e4 Nc7 16. Bxf6 Qxf6 17. b5 Ne5 18. Nxe5 Qxe5 19. a4 Rfd8 {1-0 (43) Harikrishna,P (2744)-Le,Q (2737) Huaian 2017}) 13. e3 h6 $146 ({Predecessor:} 13... Qe8 14. Ne4 Be7 15. Nc3 Nxc3 16. Bxc3 Rd8 17. Qe2 f6 {1-0 (38) Abdala,H (2241)-Laba,S (2120) ICCF email 2006}) 14. Ne4 {White is slightly better.} Be7 15. Nd4 Rc8 16. Rc1 Qd7 17. Nxc6 Bxc6 18. Qg4 {[%csl Gb2][%cal Rg4g7]} g6 19. Rfd1 Qb7 20. Qh3 Kh7 $1 {Black wants to play ...Nxe3.} 21. Rc4 Rfd8 $1 {Strongly threatening ...Nf4!} 22. Rdc1 $1 Qd7 (22... b5 $11 23. R4c2 b4) 23. g4 $1 $16 {[%cal Bg3g4,Bg4g5][%mdl 32]} b5 24. g5 $1 h5 25. Bf3 $1 $40 {[%cal Rf3h5][%mdl 128] Bxh5! is the strong threat. White wants a kill.} bxc4 $4 {[%mdl 8192] [#]} (25... e5 $16 26. Qxd7 Bxd7 27. Rxc8 Rxc8) 26. Bxh5 $1 $18 {[%mdl 512] White threatens Bg4+ and mate.} c3 {[#]} (26... Bxg5 $142 27. Nxg5+ Kg8) (26... gxh5 27. Qxh5+) 27. Bxg6+ $1 {[%mdl 512]} Kxg6 28. Qh6+ Kf5 29. Qh7+ Kg4 30. h3+ Kf3 {[#]} 31. Nd2+ $1 {[%mdl 512] White mates.} Ke2 (31... cxd2 32. Qh5+) 32. Qh5+ Kd3 33. Qd1 Nxe3 34. Rxc3+ Kd4 35. Nf3+ Ke4 36. Rxe3+ Kf5 37. Qb1+ Qd3 38. Rxd3 Be4 39. Nh4+ Kf4 {[#]} 40. Qc1+ $1 {Precision: White = 78%, Black = 65%.} 1-0

[Event "79th ARM-ch 1st League 2018"]
[Site "Yerevan"]
[Date "2018.08.15"]
[Round "7"]
[White "Babujian, Levon"]
[Black "Poghosyan, Suren"]
[Result "1-0"]
[WhiteElo "2459"]
[BlackElo "2301"]
[Annotator "TA"]
[PlyCount "45"]
[EventDate "2018.08.09"]
[EventType "tourn"]
[EventCountry "ARM"]
[SourceTitle "playchess.com"]
[Source "ChessBase"]
[SourceQuality "1"]

{[%evp 15,45,-32,-36,-47,0,-4,39,14,19,18,32,27,128,144,130,139,320,309,124,323,314,304,422,429,397,352,537,534,1402,1355,1225,728]} 1. d4 Nf6 2. Bg5 d5 3. Bxf6 gxf6 4. e3 c5 5. Nc3 Nc6 6. Nf3 {D01: Damenbauernspiele (Richter-Weressow)} cxd4 (6... Bg4 7. h3 cxd4 8. exd4 Bxf3 9. Qxf3 Nxd4 10. Qg4 Nc6 11. O-O-O e6 12. Bc4 Qd7 13. Bxd5 exd5 14. Nxd5 Qxg4 15. Nxf6+ {½-½ (49) Nakamura,H (2779)-Bu,X (2705) Doha 2016}) 7. exd4 Bg4 8. Be2 e6 {LiveBook: 3 Partien} 9. O-O Bxf3 10. Bxf3 Bd6 $146 ({Vorgänger:} 10... Qb6 11. Bxd5 exd5 12. Nxd5 Qa5 13. Re1+ Be7 {1-0 (22) Pasiev,R (2137)-Repina,V (2158) Moscow 2008}) 11. Re1 O-O 12. Nb5 Bb8 13. c4 {[%cal Bc2c4,Bc4d5,Bd5c6,Bc6b7][%mdl 32]} a6 (13... dxc4 $11 {bleibt in der Remisbreite.} 14. Bxc6 bxc6) 14. cxd5 $16 axb5 15. dxc6 Qd6 $2 {[#]} (15... bxc6 $16 16. Bxc6 Bxh2+ 17. Kxh2 (17. Kh1 Rc8 $16) 17... Qd6+ 18. Kg1 Qxc6) 16. cxb7 $18 Qxh2+ 17. Kf1 Ra4 18. g3 Rb4 19. b3 e5 20. Re4 Qh3+ (20... Rxd4 $142 21. Rxd4 exd4 22. Qxd4 Qh3+ 23. Bg2 Qf5) 21. Bg2 {Weiß steht klar auf Gewinn.} Qe6 22. d5 Qd6 23. Qg4+ 1-0